| 000 | 03894nab a2200277 i 4500 | ||
|---|---|---|---|
| 003 | BR-BrBNA | ||
| 005 | 20230824101119.0 | ||
| 008 | 230605b2021 bl.ar|pooa||| 00| 0 eng | | ||
| 040 |
_aBR-BrBNA _beng |
||
| 072 |
_aH20 _b2110 |
||
| 100 | _aPires, José Luis | ||
| 100 | _aLuz, Edna Dora Martins Newman | ||
| 100 | _aMelo, Gilson Roberto Pires | ||
| 245 | _aNew sources of resistance - cacao germplasm evaluation for natural incidence of witches' broom | ||
| 500 | _aPublicação on-line; 19 ref.; 5 tables; Summaries (En, Pt) | ||
| 520 | _aThis study is part of the first ones that came to guide the recurrent selection processes for the association of resistance genes conducted by the Cocoa Research Center, at Ilhéus, Bahia. Two sets of accessions of the Cocoa Germoplasm Collection of this Center were evaluated for natural incidence of witches’ broom, the biggest phytosanitary problem for cacao cultivation in Brazil. For the first set, which consisted of 573 accessions, it was considered the incidence of brooms on pods of up to 10 plants per row, with one or two rows of each accession, in five years of evaluation. For the second, formed by 154 genotypes pre-selected among the accessions introduced in the period with indications of good performance in relation to witches’ broom, it was computed seven removals of vegetative brooms in the canopy, being each accession represented by one to three rows with up to seven plants. For both sets, a large number of genotypes of different origins were observed among the resistant ones, indicating the perspective of the occurrence of different resistance genes and possibilities of genetic gain in associating these different genes. Key words: Moniliophthora perniciosa, plant breeding, Theobroma cacao. | ||
| 520 | _aNovas fontes de resistência - avaliação de germoplasma do cacaueiro para incidência natural da vassoura de bruxa. Este trabalho é parte dos primeiros estudos que vieram nortear os processos de seleção recorrentes para associação de genes de resistência conduzidos pelo Centro de Pesquisas do Cacau, em Ilhéus, Bahia. Dois conjuntos de acessos da Coleção de Germoplasma deste Centro foram avaliados quanto à incidência natural de vassoura de bruxa, o maior problema fitossanitário da cacauicultura no Brasil. Para o primeiro conjunto, com 573 acessos, foi considerada a incidência de vassouras em frutos de até 10 plantas por fileira, com uma ou duas fileiras por cada acesso, em cinco anos de avaliação. Para o segundo, formado por 154 genótipos pré-selecionados entre os acessos introduzidos no período com perspectivas de bom desempenho em relação à vassoura de bruxa, foram computadas sete remoções de vassouras vegetativas na copa, sendo cada acesso representado por de uma a três fileiras, com até sete plantas cada. Para ambos os conjuntos, foi observado um grande número de genótipos de diferentes origens entre os resistentes, indicando a perspectiva de ocorrência de diferentes genes de resistência e possibilidades de ganho genético na associação desses diferentes genes. Palavras-chave: Moniliophthora perniciosa, melhoramento de plantas, Theobroma cacao. | ||
| 650 | _aVASSOURA DE BRUXA | ||
| 650 | _aMELHORAMENTO VEGETAL | ||
| 650 | _aTHEOBROMA CACAO | ||
| 773 | 0 |
_01823 _925140 _dItabuna-BA Comissão Executiva do Plano de Lavoura Cacaueira 1989 _o2023-435719 _tAgrotrópica (Brazil) _x0103-3816 _gv. 33(2) p. 91-100; (May-Aug 2021) _wBR2023000614 |
|
| 856 | _uhttps://www.gov.br/agricultura/pt-br/assuntos/ceplac/publicacoes/revista-agrotropica/artigos/2021/01033816.2021v33n2p91100.pdf | ||
| 856 | _uhttps://www.gov.br/agricultura/pt-br/assuntos/ceplac/publicacoes/revista-agrotropica/revista-volumes/2000-a-2010/RevistaAgrotropicaVol.33n22021.pdf | ||
| 942 | _cAnalítica | ||
| 999 |
_c9302 _d9302 |
||